Generación del 80' /
Guardado en:
| Autor Corporativo: | |
|---|---|
| Formato: | |
| Series: | Sociedad y Estado
|
| Materias: | |
| Etiquetas: |
Agregar Etiqueta
Sin Etiquetas, Sea el primero en etiquetar este registro!
|
| LEADER | 01000ngm a22002655g 4500 | ||
|---|---|---|---|
| 001 | CEM.cems022495 | ||
| 008 | 130507b2000##################0###0#####d | ||
| 005 | 20241105141205.0 | ||
| 245 | 1 | 0 | |a Generación del 80' / |c UBA. |
| 300 | |a 23'. | ||
| 490 | 0 | |a Sociedad y Estado | |
| 500 | |a En soporte VHS, consultar en ventanilla. | ||
| 505 | 0 | |a El desarrollo económico a partir de 1880. La corriente inmigratoria. El advenimiento de la industria. Alberdi y Sarmiento y la implementación de una sociedad "a la europea". Nuevo rol del Estado. El régimen oligárquico. | |
| 538 | |a Soporte: VHS - Norma: Pal N - Color: Si - Grabación DRD 2000 - Hitachi=0000 | ||
| 110 | 2 | |a UBA. | |
| 082 | 9 | 8 | |/ UBA-2 |
| 653 | |a HISTORIA ARGENTINA | ||
| 653 | |a SOCIEDAD | ||
| 653 | |a GENERACION DEL 80' | ||
| 653 | |a INMIGRACION | ||
| 653 | |a INDUSTRIA | ||
| 653 | |a OLIGARQUIA | ||
| 653 | |a NIVEL PRIMARIO | ||
| 653 | |a NIVEL SECUNDARIO | ||
| 859 | |a CEMS |b BIB. CEMS - Depto. Recursos Didacticos |h 982 |i UBA-2 |k DRD |p 1138.12 |t Ej.1 | ||
